000 00631 a2200193 4500
003 OSt
005 20180116182651.0
008 170808b xxu||||| |||| 00| 0 eng d
020 _a9694072329
040 _c0
082 _a332.64 WAD 1998
100 _aQ. A. Wadud.
245 _aLaw of the Commission Securities and Exchange
_bThe Law Designed to Secure for the Country a Place in the Business Map of the World
_cQ. A. Wadud.
260 _aKarachi
_bRoyal book company
_c1998
300 _a384p
_bHB
440 _aLaw of the Commission Securities and Exchange
500 _aHard cover
942 _aNBS
_cBK
_k332.64 1998
_2ddc
999 _c343686
_d343686